Mots de la langue française terminés par "ceau" - Statistiques

Statistiques générales
  • Ce quiz a été pris 208 fois
    195 depuis la dernière actualisation
  • Le résultat moyen est 10 sur 14
Statistiques - réponses
Indice Mot % Correct
lit de bébé berceau
98%
garçon vierge puceau
94%
outil de peintre pinceau
92%
jeune fauve lionceau
88%
arc, rond cerceau
87%
objet en forme d'arc, de demi-cercle arceau
82%
bout de pain par exemple morceau
82%
tas monceau
72%
empreinte de cire sceau
68%
jeune rongeur souriceau
60%
signalisation, pancarte panonceau
42%
adolescent jouvenceau
39%
cochonnet pourceau
33%
assemblage d'objets liés ensemble faisceau
16%
Aucun quiz correspondant
Distribution des résultats
% des personnes avec chaque résultat
Percentile par nombre de réponses
Votre historique - résultats
Vous n’avez pas pris ce quiz depuis la dernière actualisation